Management Science/ (Record no. 364738)
[ view plain ]
| 000 -LEADER | |
|---|---|
| fixed length control field | 00536nam a22001697a 4500 |
| 003 - CONTROL NUMBER IDENTIFIER | |
| control field | 1 |
| 005 - DATE AND TIME OF LATEST TRANSACTION | |
| control field | 20220721140220.0 |
| 008 - FIXED-LENGTH DATA ELEMENTS--GENERAL INFORMATION | |
| fixed length control field | 220718b xxu||||| |||| 00| 0 eng d |
| 022 ## - INTERNATIONAL STANDARD SERIAL NUMBER | |
| Source | 978-621-04-3677-8 |
| 050 ## - LIBRARY OF CONGRESS CALL NUMBER | |
| Classification number | HD30.25 |
| Item number | .R54 2022 |
| 100 ## - MAIN ENTRY--PERSONAL NAME | |
| Personal name | Riguera, Maria Anita/ |
| 245 ## - TITLE STATEMENT | |
| Title | Management Science/ |
| Statement of responsibility, etc | Maria Anita A. Riguera |
| 260 ## - PUBLICATION, DISTRIBUTION, ETC. (IMPRINT) | |
| Place of publication, distribution, etc | Manila: |
| Name of publisher, distributor, etc | Rex Book Store, Inc.. |
| Date of publication, distribution, etc | c2022 |
| 300 ## - PHYSICAL DESCRIPTION | |
| Extent | xii; 215 pp. |
| Dimensions | 23 cm. |
| Accompanying material | Includes bibliographic references; index and appendix. |
| Type of unit | book |
| 500 ## - GENERAL NOTE | |
| General note | Management- business. |
| 942 ## - ADDED ENTRY ELEMENTS (KOHA) | |
| Source of classification or shelving scheme | Library of Congress Classification |
| Koha item type | Books |
| Withdrawn status | Lost status | Source of classification or shelving scheme | Damaged status | Home library | Current library | Shelving location | Date acquired | Source of acquisition | Sub Shelving location | Total Checkouts | Full call number | Barcode | Date last seen | Price effective from | Koha item type |
|---|---|---|---|---|---|---|---|---|---|---|---|---|---|---|---|
| Library of Congress Classification | College Library | College Library | Filipiniana Section | 07/18/2022 | Library Fund | HD30.25 .R54 2022 | C22726 | 07/18/2022 | 07/18/2022 | Books | |||||
| Library of Congress Classification | College Library | College Library | Filipiniana Section | 07/18/2022 | Library Fund | HD30.25 .R54 2022 | C22727 | 07/18/2022 | 07/18/2022 | Books | |||||
| Library of Congress Classification | College Library | College Library | Filipiniana Section | 07/18/2022 | Library Fund | HD30.25 .R54 2022 | C22728 | 07/18/2022 | 07/18/2022 | Books | |||||
| Library of Congress Classification | College Library | College Library | Filipiniana Section | 05/24/2024 | Library Fund | HD30.25 .R54 2022 | C23330 | 05/24/2024 | 05/24/2024 | Books | |||||
| Library of Congress Classification | College Library | College Library | Filipiniana Section | 05/24/2024 | Library Fund | HD30.25 .R54 2022 | C23331 | 05/24/2024 | 05/24/2024 | Books |